Use of diffusion model of radon transfer through soil for radon risk assessment of building plots; 6th International Congress on Energy Fluxes and Radiation Effects; 18th International Conference on Radiation Physics and Chemistry of Condensed Matter (18th RPC)

書誌詳細
Parent link:6th International Congress on Energy Fluxes and Radiation Effects: abstracts, Tomsk, September 16-22, 2018
18th International Conference on Radiation Physics and Chemistry of Condensed Matter (18th RPC).— 2018.— [P. 556]
第一著者: Stavitskaya K. O. Ksenia Olegovna
団体著者: Национальный исследовательский Томский политехнический университет Инженерная школа ядерных технологий Отделение ядерно-топливного цикла
その他の著者: Ryzhakova (Rizhakova) N. K. Nadezhda Kirillovna
要約:Title screen
言語:英語
出版事項: 2018
主題:
オンライン・アクセス:http://efre2018.hcei.tsc.ru/publication/abstract.html
フォーマット: 電子媒体 図書の章
KOHA link:https://koha.lib.tpu.ru/cgi-bin/koha/opac-detail.pl?biblionumber=659757

MARC

LEADER 00000naa0a2200000 4500
001 659757
005 20250827161529.0
035 |a (RuTPU)RU\TPU\network\28553 
035 |a RU\TPU\network\28543 
090 |a 659757 
100 |a 20190328d2018 k||y0engy50 ba 
101 0 |a eng 
102 |a RU 
135 |a drcn ---uucaa 
181 0 |a i  
182 0 |a b 
200 1 |a Use of diffusion model of radon transfer through soil for radon risk assessment of building plots  |f K. O. Stavitskaya, N. K. Ryzhakova (Rizhakova) 
203 |a Text  |c electronic 
300 |a Title screen 
320 |a [References: 4 tit.] 
461 |t 6th International Congress on Energy Fluxes and Radiation Effects  |o abstracts, Tomsk, September 16-22, 2018 
463 |t 18th International Conference on Radiation Physics and Chemistry of Condensed Matter (18th RPC)  |o [Pages 443-558 18RPC]  |v [P. 556]  |d 2018 
610 1 |a электронный ресурс 
610 1 |a труды учёных ТПУ 
610 1 |a диффузионные модели 
610 1 |a радон 
610 1 |a почва 
610 1 |a строительные площадки 
700 1 |a Stavitskaya  |b K. O.  |c Physicist  |c Research Engineer of Tomsk Polytechnic University  |f 1993-  |g Ksenia Olegovna  |3 (RuTPU)RU\TPU\pers\46736 
701 1 |a Ryzhakova (Rizhakova)  |b N. K.  |c Physicist  |c Associate Professor of Tomsk Polytechnic University, Candidate of physical and mathematical sciences  |f 1947-  |g Nadezhda Kirillovna  |3 (RuTPU)RU\TPU\pers\32212  |9 16212 
712 0 2 |a Национальный исследовательский Томский политехнический университет  |b Инженерная школа ядерных технологий  |b Отделение ядерно-топливного цикла  |3 (RuTPU)RU\TPU\col\23554 
801 2 |a RU  |b 63413507  |c 20210125  |g RCR 
856 4 |u http://efre2018.hcei.tsc.ru/publication/abstract.html 
942 |c CF